Normal view
MARC view
- ELECTRICAL ENGINEERING.ELECTRICAL SCIENCE
Entry Topical Term
001 - CONTROL NUMBER
- control field: 62628
003 - CONTROL NUMBER IDENTIFIER
- control field: NUST
005 - DATE AND TIME OF LATEST TRANSACTION
- control field: 20210628202953.0
008 - FIXED-LENGTH DATA ELEMENTS
- fixed length control field: 210628|| aca||aabn | a|a d
040 ## - CATALOGING SOURCE
- Original cataloging agency: NUST
- Transcribing agency: NUST
150 ## - HEADING--TOPICAL TERM
- Topical term or geographic name entry element: ELECTRICAL ENGINEERING.ELECTRICAL SCIENCE
670 ## - SOURCE DATA FOUND
- Source citation: Work cat.: (NUST): Choudhuri , S, Chakrabarti , R, Chattopadhyay, P.K 62627, Electrical science, 1999
